000 01490ncm a2200289 i 4500
001 174935
003 ES-MaACL
005 20230906215711.0
007 qu
008 191205r20061817sp ||| |||||||| | spa d
020 _a978-84-96813-00-7
080 _a78 Arriaga, Juan Crisóstomo de
100 1 _aArriaga, Juan Crisóstomo de.
_9139120
245 1 0 _aMúsica de cámara [
_hMúsica impresa] /
_cJuan Crisóstomo de Arriaga ; [textos, Joaquín Pérez de Arriaga].
260 _aMadrid :
_bPolifemo,
_c[2006]
300 _a1 partitura ([52] p.) ;
_c28 cm.
505 8 _aContiene: Nada y mucho: divertimento [4, 12] p.- Violín (3) ; Tema variado en cuarteto, opus 17 [2, 16] p.- Cuarteto de cuerda ; Variaciones sobre el tema de la Húngara, opus 23: quatuor brillant [6, 16] p.- Cuarteto de cuerda
534 _pReprod. facs. de los mss. originales de: "Nada y mucho" (ca. 1817), conservado en la Biblioteca Municipal de Bilbao ; "Tema variado en cuarteto, op. 17" (1820), en el Museo del Teatro de Almagro ; y "Variaciones sobre el tema de la Húngara, op. 23" (1822), en la Biblioteca Municipal de Bilbao.
546 _aComentarios en castellano y euskera.
600 1 4 _aArriaga, Juan Crisóstomo de.
_9139120
650 4 _aMúsica-
_vFacsímiles.
_9139121
700 1 _aPérez de Arriaga, Joaquín.
_9143236
710 2 _aSociedad Estatal de Conmemoraciones Culturales (España)
_9134893
852 4 _aES-MaACL
_j2280-F-14
942 _2udc
999 _c174935
_d174935